Представление документа в формате MARC21

Поле Инд. ПП Название Значение
Тип записи a
Библиографический уровень a
001 Контрольный номер RU/IS/BASE/338765314
005 Дата корректировки 20140227135151.1
040 a Служба первич. каталог. НБ ТвГУ
b Код языка каталог. rus
e Правила каталог. PSBO
041 0_ a Код языка текста rus
098 b Факультет педагогический
c Кафедра дошкольной педагогики и психологии
100 1_ a Автор Теплухина А. С.
c Титул (звания) студентка 5 курса
245 10 a Заглавие Влияние освоения ребенком младшего дошкольного возраста строительных игр на его умственное развитие
c Ответственность науч. рук. А. А. Кулагина
260 a Место издания Тверь
b Издательство Тверской государственный университет
c Дата издания 2009
653 a Ключевые слова Труды Тверского государственного университета
653 1_ a Ключевые слова Дошкольники
653 1_ a Ключевые слова Игры
653 1_ a Ключевые слова Умственное воспитание
653 1_ a Ключевые слова Обучение детей
653 1_ a Ключевые слова Умственное развитие
700 1_ a Другие авторы Кулагина Анна Александровна
e Роль лиц науч. ред.
q Полное имя Кулагина, А. А.
710 a Организация/ юрисдикция Тверской государственный университет
773 08 w Контрольный № источника RU/IS/BASE/296561441
t Название источника Традиции и новации в профессиональной подготовке и деятельности педагога
d Место и дата издания Тверь : Тверской государственный университет, 2009
g Прочая информация Вып. 8. - С. 195-197
901 t Тип документа a
920 a Оператор Козл
954 a Дата поступления на обработку 20101228